000 00492nam a2200181Ia 4500
005 20250603144757.0
008 250603s9999 xx 000 0 und d
020 _a978-981-99-8778-8
050 _aTJ 808 .I34/
100 _aIkeda, Yuichi
245 0 _aData Science of Renewable Energy Integration: The Nexus of Energy, Environment, and Economic Growth
260 _aSingapore
260 _bSpringer Nature
260 _c2024
300 _a324 p
650 _aSingapore
942 _cBK
999 _c39919
_d39919